Diccionario enciclopédico
Guardado en:
| Formato: | Libro |
|---|---|
| Publicado: |
Barcelona :
Grijalbo,
1994
|
| Materias: | |
| Etiquetas: |
Agregar Etiqueta
Sin Etiquetas, Sea el primero en etiquetar este registro!
|
| LEADER | 00509nam a22001815a 4500 | ||
|---|---|---|---|
| 001 | CEM.cems012953 | ||
| 005 | 20080911090511.0 | ||
| 008 | 130507s1994##################000#0#####d | ||
| 003 | CEMS | ||
| 020 | |a 8425326753 | ||
| 082 | 0 | 4 | |a C036 |
| 245 | 0 | 0 | |a Diccionario enciclopédico |
| 260 | |a Barcelona : |b Grijalbo, |c 1994 | ||
| 300 | |a 2051 p. | ||
| 653 | |a Diccionarios | ||
| 653 | |a Diccionario español | ||
| 653 | |a Diccionarios enciclopédicos | ||
| 859 | |a CEMS |b BIB. CEMS - 11 de abril |h C036 |i G878 |p 18031.94 |t Ej.1 |v 1994 |3 1994 | ||
